000 00208nam a2200097 a 4500
008 111125s2000|||| d
245 1 0 _aHania 96
260 _bBanoussis
_c2000
020 _c100
044 _axo
_cSK
999 _c18328
_d18328